Statistics for countries ocupation by nazi germany-1940

Click here to take the quiz!

General Stats

  • This quiz has been taken 41 times
  • The average score is 9 of 12

Answer Stats

HintAnswer% Correct
neighbor germanyfrance
97%
nordic countrydenmark
94%
neighbor germanypoland
94%
nordic countrynorway
91%
yugoslavs countryserbia
82%
soviet countryestonia
79%
soviet countrylatvia
79%
soviet countrylithuania
79%
italy,german,bulgaria ocupationgreece
76%
yugoslavs countrycroatia
74%
soviet countryukraine
71%
neighbor germanyczechislovakia
9%

Score Distribution

Percentile by Number Answered

Percent of People with Each Score

Your Score History

You have not taken this quiz